000 01381nam a2200301Ia 4500
003 OSt
005 20250711152742.0
008 191128s9999 xx 000 0 und d
020 _a9789584230744
040 _c.
082 _aN
_bWÖLa
100 _aWölfel, Ursula, 1922-
_944220
245 0 _aAbecedario fantástico /
245 0 _cUrsula Wölfel ; ilustradora Rebeca Luciani
260 _aBogotá
260 _bEditorial Planeta,
260 _c2012
300 _a197 páginas
300 _c 20 cm
440 _aColección planeta rojo
_944221
500 _aIncluye datos biográficos del autor. Recomendado para niños a partir de 10 años.
505 _aLa historia de Ararat -- La historia del Baobab -- La historia de Cincinnatti -- La historia del Duende del dinero -- La historia del burrito Equino -- La historia del fuego -- La historia de los gansos -- La historia del Hazmerreír
520 _a"¿Zibeben? -se pregunta Antón-. ¿Qué es zibeben?" Para descubrirlo, él y sus amigos competirán por averiguar que historias fantásticas, mitos a leyendas de ocultan tras cada una de las letras del abecedario. ¡Toda una aventura! Aventura: ¿Sabías que no t
546 _aspa
650 _aCuentos infantiles alemanes -- Siglo XX ; Literatura infantil alemana -- Siglo XX--
_944222
799 _aLuciani, Rebeca, ilustradora
942 _2ddc
_cBK
999 _c3537
_d3537